| 000 | 00559nam a22001817a 4500 | ||
|---|---|---|---|
| 082 |
_a954.04 _bDAL _cL-30, P-150 |
||
| 100 |
_aDalvi, J.P _949054 |
||
| 245 |
_aHimalayan blunder _cdalvi, J.P |
||
| 260 |
_aBombay _bThacker & company _c1969 |
||
| 300 |
_a506p.: _bill,; _c20 cm. |
||
| 526 |
_a0 _b0 _c0 _d954_040000000000000_DAL |
||
| 526 |
_a0 _b0 _c0 _d954_040000000000000_DAL |
||
| 526 |
_a0 _b0 _c0 _d954_040000000000000_DAL |
||
| 526 |
_a0 _b0 _c0 _d954_040000000000000_DAL |
||
| 526 |
_a0 _b0 _c0 _d954_040000000000000_DAL |
||
| 650 |
_aMCE _9379 |
||
| 942 |
_2ddc _cBK |
||
| 999 |
_c551887 _d551887 |
||